000 00487nam a2200181Ia 4500
005 20250326125452.0
008 250326s9999 xx 000 0 und d
037 _aTextbook
040 _aFMSL
_beng
_cFMSL
041 _aeng
_2eng
084 _aY:g K1
_qFMSL
100 _aBlack M
245 0 _aSocial theories of talcott parsons
_cBlack M
260 _aNew Jersey
_bNew Jersey, Prentice-Hall
_c1961
300 _a363p
942 _cTB
_hY:g K1
999 _c1278200
_d1278200